El Salvador; changing of the guard

Los cambios que se han producido en El Salvador, a raíz del golpe de estado contra el gobierno del general Carlos Romero, son recapitulados en este artículo. El establecimiento de una Junta de Gobierno, los cambios en la estructura jerárquica de los militares, los conflictos entre la burguesía y la...

ver descrição completa

Na minha lista:
Detalhes bibliográficos
Formato: Texto
Assuntos:
Tags: Adicionar Tag
Sem tags, seja o primeiro a adicionar uma tag!

MARC

LEADER 00000 a a2200000 04500
001 9808
003
040
245 |a El Salvador; changing of the guard  
520 |a Los cambios que se han producido en El Salvador, a raíz del golpe de estado contra el gobierno del general Carlos Romero, son recapitulados en este artículo. El establecimiento de una Junta de Gobierno, los cambios en la estructura jerárquica de los militares, los conflictos entre la burguesía y la izquierda, los diversos grupos de presión, el rol de la guerrilla y la intervención de los Estados Unidos son temas que se analizan a lo largo del artículo. ABB/mb  
650 |a MOVIMIENTOS DE LIBERACION NACIONAL  
650 |a ASPECTOS POLITICOS  
650 |a ESTADO  
650 |a GOBIERNO  
650 |a GRUPOS DE INTERESES  
650 |a OPOSICION POLITICA  
773 |g volumen 13, número 6; páginas 47-49  
999 |c 32370  |d 32370